Aprendizaje y conducta /

Estudio de la relación entre aprendizaje y genética (como medios individuales para adaptarse a los cambios) y los aspectos determinantes de la conducta, incluidos los diversos tipos de condicionamiento.

Sábháilte in:
Sonraí bibleagrafaíochta
Príomhchruthaitheoir: Chance, Paul (autor)
Formáid: LEABHAR
Teanga:Spáinnis
Foilsithe / Cruthaithe: México : El Manual Moderno, 1995, c1995
Eagrán:2a edición
Ábhair:
Clibeanna: Cuir clib leis
Níl clibeanna ann, Bí ar an gcéad duine le clib a chur leis an taifead seo!

MARC

LEADER 00000nam^a2200000^a^4500
001 000110381
005 20250521000000.0
009 20260310093754.209
020 |a 968-426-634-0 
037 |a Acervo ITESO - Biblioteca 
041 |a ESP 
082 |a 153. 15  |b CHA 
100 |a Chance, Paul  |e (autor) 
245 1 0 |a Aprendizaje y conducta /  |c P. Chance ; tr. por Virginia Sánchez Rivas. 
250 |a 2a edición 
264 4 |a México :  |b El Manual Moderno,  |c 1995, c1995 
300 |a 358 p. 
336 |a texto  |b txt  |2 rdacontenido 
337 |a sin mediación  |b n  |2 rdamedio 
338 |a volumen  |b nc  |2 rdasoporte 
500 |a Traducción de: Learning and behavior 
520 |a Estudio de la relación entre aprendizaje y genética (como medios individuales para adaptarse a los cambios) y los aspectos determinantes de la conducta, incluidos los diversos tipos de condicionamiento. 
590 |a Traducción de la 3a edición en inglés 
649 |a XX 
650 |a Aprendizaje 
650 |a Psicología Cognitiva 
650 |a Condicionamiento 
650 |a Moldeamiento de la Conducta 
650 |a Análisis Experimental de la Conducta 
650 |a Psicología 
910 |a Fondo General 
920 |a Impresos - Libros 
930 |a Colección General 
905 |a 101 
901 |a 0500047367  |b IT1  |c ACC  |u 20250521 
902 |a https://opac.biblio.iteso.mx/vufind/Record/000110381